Globálny marketing a globálny produkt bakalárska práca

Guardado en:
Detalles Bibliográficos
Autor principal: Benešová, Veronika
Autor Corporativo: Obchodná fakulta EU. Katedra marketingu
Otros Autores: Balhar, Vítězslav, Jr
Formato: Libro
Lenguaje:eslovaco
Publicado: Bratislava 2012
Etiquetas: Agregar Etiqueta
Sin Etiquetas, Sea el primero en etiquetar este registro!

MARC

LEADER 00000nbm a2200000 4500
001 0154252
005 20161109111830.2
041 0 |a slo 
044 |a SK 
245 1 0 |a Globálny marketing a globálny produkt  |b bakalárska práca  |c Veronika Benešová ; školiteľ: Vítězslav Balhar 
264 1 |a Bratislava  |c 2012 
300 |a 40 s. 
100 1 |a Benešová, Veronika 
700 1 |a Balhar, Vítězslav, Jr. 
710 2 |a Obchodná fakulta EU. Katedra marketingu